Giá trị tinh thần truyền thống của dân tộc Việt Nam
Gorde:
| Egile nagusia: | |
|---|---|
| Formatua: | Liburua |
| Hizkuntza: | Vietnamese |
| Argitaratua: |
H.
Khoa học xã hội
1980
|
| Gaiak: | |
| Etiketak: |
Etiketa erantsi
Etiketarik gabe, Izan zaitez lehena erregistro honi etiketa jartzen!
|
| Thư viện lưu trữ: | Mạng thư viện Đại học Đà Nẵng |
|---|
| LEADER | 01009nam a2200313 4500 | ||
|---|---|---|---|
| 001 | 000014885 | ||
| 003 | 11255 | ||
| 005 | 20120518110517.0 | ||
| 008 | 120516s1980 viesd | ||
| 020 | |c 0đ | ||
| 041 | 0 | |a vie | |
| 082 | |a 959.7 |b TR-G | ||
| 100 | 0 | |a Trần, Văn Giàu | |
| 245 | 0 | |a Giá trị tinh thần truyền thống của dân tộc Việt Nam |c Trần Văn Giàu | |
| 260 | |a H. |b Khoa học xã hội |c 1980 | ||
| 300 | |a 314 tr. |c 19 cm | ||
| 653 | |a Giá trị tinh thần | ||
| 653 | |a Truyền thống | ||
| 653 | |a Việt Nam | ||
| OWN | |a LSP | ||
| AVA | |a UDN50 |b LSP |d 959.7 TR-G |e available |t Error 5001 Not defined in file expand_doc_bib_avail. |f 2 |g 0 |h N |i 0 |k 1 | ||
| 999 | |a From the UDN01 | ||
| AVA | |a UDN50 |b LSP |d 959.7 TR-G |e available |t Error 5001 Not defined in file expand_doc_bib_avail. |f 2 |g 0 |h N |i 0 |k 1 | ||
| TYP | |a Monograph | ||
| TYP | |a Printed language | ||
| 980 | |a Mạng thư viện Đại học Đà Nẵng | ||